书目信息 |
| 题名: |
十日谈
|
|
| 作者: | 薄迦丘 著 ;闽逸 译 | |
| 分册: | ||
| 出版信息: | 伊犁 伊犁人民出版社 |
|
| 页数: | 435页 | |
| 开本: | 20cm | |
| 丛书名: | 世界文学经典 | |
| 单 册: | ||
| 中图分类: | I546.43 | |
| 科图分类: | ||
| 主题词: | 短篇小说--作品集--意大利--中世纪 | |
| 电子资源: | ||
| ISBN: | 978-7-5425-0548-4 | |
| 000 | 00727nam 2200241 450 | |
| 001 | 1940780424 | |
| 005 | 20191121112008.42 | |
| 010 | @a978-7-5425-0548-4@dRMB 27.00 | |
| 100 | @a20111226d km y0chiy0120 ea | |
| 101 | 1 | @achi@cita |
| 102 | @aCN@b220000 | |
| 105 | @ay z 000yy | |
| 200 | 1 | @a十日谈@Ashi ri tan@f(意) 薄迦丘著@F(yi)bo jia qiu zhu@g闽逸译@Gmin yi yi |
| 210 | @a伊犁@c伊犁人民出版社 | |
| 215 | @a435页@d20cm | |
| 225 | 2 | @a世界文学经典 |
| 410 | 0 | @12001 @a世界文学经典 |
| 606 | 0 | @a短篇小说@x作品集@y意大利@z中世纪 |
| 690 | @aI546.43@v4 | |
| 701 | 0 | @a薄迦丘@Abo jia qiu@4著 |
| 702 | 0 | @a闽逸@Amin yi@4译 |
| 801 | 0 | @aCN@b大连网信软件有限公司图书馆·11@c20111226 |
| 905 | @aZUCC@dI546.43@eB9662@f5 | |
| 十日谈/(意) 薄迦丘著/闽逸译.-伊犁:伊犁人民出版社 |
| 435页;20cm.-(世界文学经典) |
| ISBN 978-7-5425-0548-4:RMB 27.00 |
| ● |
| 相关链接 |
|
|
|
正题名:十日谈
索取号:I546.43/B9662
 
预约/预借
| 序号 | 登录号 | 条形码 | 馆藏地/架位号 | 状态 | 备注 |
| 1 | 1452270 | 214522701 | 社科二线400B/400B社科库 28排4列2层/ [索取号:I546.43/B9662] | 在馆 |